[Event "EU-chT Seniors 65"]
[Site "Swidnica"]
[Date "2025.04.13"]
[Round "9.4"]
[White "Van Herck, Marcel"]
[Black "Becker, Norbert"]
[Result "1-0"]
[WhiteElo "1962"]
[BlackElo "2032"]
[PlyCount "110"]
[EventDate "2025.04.05"]
[EventType "team-tourn"]
[EventRounds "9"]
[EventCountry "POL"]
[SourceTitle "CB16_2025"]
[SourceDate "2025.04.16"]
[SourceVersion "1"]
[SourceVersionDate "2025.04.16"]
[SourceQuality "1"]
[WhiteTeam "Belgium 65"]
[BlackTeam "Osnabruck 65"]
[WhiteTeamCountry "BEL"]
[BlackTeamCountry "GER"]

1. e4 c5 2. Nf3 g6 3. d4 cxd4 4. Qxd4 Nf6 5. Bb5 Nc6 6. Bxc6 dxc6 7. Qxd8+ Kxd8 8. Nc3 Bg7 9. Bf4 Ke8 10. h3 Nd7 11. e5 Nc5 12. 0-0-0 Ne6 13. Be3 b6 14. Rd2 Bb7 15. Rhd1 Rd8 16. Rxd8+ Nxd8 17. a4 Ne6 18. a5 c5 19. axb6 axb6 20. Nd5 Bxd5 21. Rxd5 f6 22. b4 cxb4 23. Rb5 Kf7 24. Rxb6 Nc7 25. exf6 Bxf6 26. Rxb4 Nd5 27. Rb3 Nxe3 28. Rxe3 Rc8 29. Kd2 Rd8+ 30. Rd3 Ra8 31. h4 Ra5 32. g3 Ke8 33. Nd4 Kf7 34. Ne2 Bg7 35. Ke3 Re5+ 36. Kf3 Rf5+ 37. Kg2 Re5 38. Rf3+ Ke8 39. Re3 Rc5 40. c3 Rc4 41. Kf3 Kf7 42. Re4 Rc6 43. c4 Bh6 44. Nc3 Rb6 45. Rxe7+ Kxe7 46. Nd5+ Kd6 47. Nxb6 Bg7 48. Nd5 Kc5 49. Ne3 Kd4 50. Kg4 Bh6 51. Kf3 Bg7 52. h5 Bf8 53. hxg6 hxg6 54. Kg4 Bh6 55. Nd5 g5 1-0

[Event "EU-chT Seniors 65"]
[Site "Swidnica"]
[Date "2025.04.08"]
[Round "4.4"]
[White "Becker, Norbert"]
[Black "Petanjek, Zvonko"]
[Result "1-0"]
[WhiteElo "2032"]
[BlackElo "1732"]
[PlyCount "89"]
[EventDate "2025.04.05"]
[EventType "team-tourn"]
[EventRounds "9"]
[EventCountry "POL"]
[SourceTitle "CB16_2025"]
[SourceDate "2025.04.16"]
[SourceVersion "1"]
[SourceVersionDate "2025.04.16"]
[SourceQuality "1"]
[WhiteTeam "Osnabruck 65"]
[BlackTeam "Mursko Sredisce 65"]
[WhiteTeamCountry "GER"]
[BlackTeamCountry "CRO"]

1. e4 e5 2. Nc3 Nc6 3. Bc4 Bc5 4. d3 h6 5. Nge2 Nf6 6. 0-0 d6 7. Na4 Bb6 8. Nxb6 axb6 9. a3 Be6 10. Bxe6 fxe6 11. f4 0-0 12. fxe5 Nxe5 13. Nf4 Qe8 14. Qe2 Ng6 15. Bd2 Nxf4 16. Rxf4 e5 17. Rf5 Nh7 18. Raf1 Rxf5 19. exf5 Qe7 20. Qg4 Kh8 21. Qg6 Qe8 22. Qxe8+ Rxe8 23. g4 Rf8 24. Kg2 Kg8 25. Kg3 Rf7 26. h4 g5 27. hxg5 hxg5 28. Rh1 Kg7 29. Rh5 Rf6 30. Bxg5 Nxg5 31. Rxg5+ Kf7 32. Rh5 Kg7 33. Rh2 Rh6 34. Rxh6 Kxh6 35. f6 d5 36. g5+ Kg6 37. a4 c6 38. Kg4 b5 39. axb5 cxb5 40. f7 Kxf7 41. Kf5 e4 42. dxe4 dxe4 43. Kxe4 Kg6 44. Kd5 Kxg5 45. Kc5 1-0

[Event "WchT Seniors 65"]
[Site "Krakow"]
[Date "2024.07.11"]
[Round "9.2"]
[White "Hammar, Bengt Erik"]
[Black "Becker, Norbert"]
[Result "1-0"]
[WhiteElo "2127"]
[BlackElo "2047"]
[PlyCount "71"]
[EventDate "2024.07.02"]
[EventType "team-swiss"]
[EventRounds "9"]
[EventCountry "POL"]
[SourceTitle "CBM 221 Extra"]
[Source "ChessBase"]
[SourceDate "2024.09.30"]
[SourceVersion "1"]
[SourceVersionDate "2024.09.30"]
[SourceQuality "1"]
[WhiteTeam "Sweden 65"]
[BlackTeam "Germany Bielefeld 65"]
[WhiteTeamCountry "SWE"]
[BlackTeamCountry "GER"]

1. e4 e6 2. d4 d5 3. Nc3 Bb4 4. e5 Qd7 5. a3 Bxc3+ 6. bxc3 b6 7. Qg4 f5 8. Qg3 Ba6 9. Bxa6 Nxa6 10. a4 Nb8 11. Ne2 Nc6 12. Nf4 Qf7 13. 0-0 Nge7 14. Ba3 0-0-0 15. Qd3 g5 16. Qa6+ Kd7 17. Bxe7 Qxe7 18. Nh5 Nb8 19. Qxa7 Ke8 20. Qb7 Kf7 21. a5 bxa5 22. Rxa5 Nd7 23. Ra7 Rc8 24. Qc6 Kg6 25. Nf6 Nxf6 26. exf6 Kxf6 27. Re1 Rhd8 28. Qb5 Rd6 29. Qe2 Kg6 30. c4 dxc4 31. Qxc4 Qd7 32. c3 Rc6 33. Qd3 Qd5 34. Ra6 Re8 35. Re5 Qd6 36. Ra1 1-0

[Event "WchT Seniors 65"]
[Site "Krakow"]
[Date "2024.07.07"]
[Round "6.2"]
[White "Becker, Norbert"]
[Black "Barreto, Ignacio C de Barro"]
[Result "1/2-1/2"]
[WhiteElo "2047"]
[BlackElo "2059"]
[PlyCount "24"]
[EventDate "2024.07.02"]
[EventType "team-swiss"]
[EventRounds "9"]
[EventCountry "POL"]
[SourceTitle "CBM 221 Extra"]
[Source "ChessBase"]
[SourceDate "2024.09.30"]
[SourceVersion "1"]
[SourceVersionDate "2024.09.30"]
[SourceQuality "1"]
[WhiteTeam "Germany Bielefeld 65"]
[BlackTeam "Brazil 65"]
[WhiteTeamCountry "GER"]
[BlackTeamCountry "BRA"]

1. e4 e5 2. Nc3 Nc6 3. Nf3 Nf6 4. d4 exd4 5. Nxd4 Nxe4 6. Nxe4 Qe7 7. f3 d5 8. Nxc6 bxc6 9. Qe2 dxe4 10. Qxe4 Qxe4+ 11. fxe4 Bd6 12. Be3 0-0 1/2-1/2

[Event "DSOL 02 Liga Gr-A 1st"]
[Site "Playchess.com INT"]
[Date "2020.07.22"]
[Round "5.1"]
[White "Grosshans, Ralf Michael"]
[Black "Becker, Norbert"]
[Result "1/2-1/2"]
[WhiteElo "2099"]
[BlackElo "2070"]
[PlyCount "65"]
[EventDate "2020.06.22"]
[EventType "team-tourn (rapid)"]
[EventCountry "GER"]
[SourceTitle "EXT 2021"]
[Source "ChessBase"]
[SourceDate "2020.10.23"]
[SourceVersion "1"]
[SourceVersionDate "2020.10.23"]
[SourceQuality "1"]
[WhiteTeam "Altstadt Roter Turm"]
[BlackTeam "Barmbek"]
[WhiteTeamCountry "GER"]
[BlackTeamCountry "GER"]

1. e4 e6 2. d4 d5 3. e5 c5 4. c3 Qb6 5. f4 Bd7 6. Nf3 cxd4 7. cxd4 Bb5 8. Bxb5+ Qxb5 9. Nc3 Bb4 10. Bd2 Bxc3 11. Bxc3 Nc6 12. Qe2 Qxe2+ 13. Kxe2 Nge7 14. Kd3 Kd7 15. g4 h6 16. Bd2 Rhc8 17. Nh4 Ng6 18. Ng2 a5 19. f5 Ngxe5+ 20. dxe5 Nxe5+ 21. Ke2 Nxg4 22. fxe6+ fxe6 23. Ne3 Nxe3 24. Kxe3 e5 25. Rhg1 g5 26. h4 Rg8 27. hxg5 hxg5 28. Rg3 Ke6 29. Rag1 Kf5 30. Rf1+ Ke6 31. Rfg1 Kf5 32. Rf1+ Ke6 33. Rfg1 1/2-1/2

[Event "WchT Seniors 65"]
[Site "Prague"]
[Date "2020.03.09"]
[Round "4.7"]
[White "Becker, Norbert"]
[Black "Sandmeier, Toni"]
[Result "1/2-1/2"]
[WhiteElo "2107"]
[BlackElo "2190"]
[PlyCount "40"]
[EventDate "2020.03.06"]
[EventType "team-swiss"]
[EventRounds "7"]
[EventCountry "CZE"]
[SourceTitle "CBM 195 Extra"]
[Source "ChessBase"]
[SourceDate "2020.05.31"]
[SourceVersion "1"]
[SourceVersionDate "2020.05.31"]
[SourceQuality "1"]
[WhiteTeam "Germany 65 IX"]
[BlackTeam "Germany 65 VI"]
[WhiteTeamCountry "GER"]
[BlackTeamCountry "GER"]

1. Nf3 g6 2. e4 Nf6 3. Nc3 d6 4. d4 Bg7 5. Bf4 0-0 6. Qd2 c6 7. Bh6 b5 8. Bxg7 Kxg7 9. a3 a5 10. Bd3 Bg4 11. Qf4 Bxf3 12. Qxf3 Nbd7 13. 0-0 Qb6 14. Ne2 e5 15. c3 Rfe8 16. Bc2 c5 17. d5 c4 18. g4 h6 19. Ng3 Nh7 20. Kg2 Qd8 1/2-1/2

[Event "EUR-chT Seniors 65"]
[Site "Mali Losinj"]
[Date "2019.09.23"]
[Round "6.2"]
[White "Becker, Norbert"]
[Black "Kalegin, Evgenij"]
[Result "0-1"]
[WhiteElo "2131"]
[BlackElo "2435"]
[PlyCount "140"]
[EventDate "2019.09.18"]
[EventType "team-swiss"]
[EventRounds "9"]
[EventCountry "CRO"]
[SourceTitle "EXT 2020"]
[Source "ChessBase"]
[SourceDate "2019.10.17"]
[SourceVersion "1"]
[SourceVersionDate "2019.10.17"]
[SourceQuality "1"]
[WhiteTeam "Bielefeld Rochade 65"]
[BlackTeam "Russia 65"]
[WhiteTeamCountry "GER"]
[BlackTeamCountry "RUS"]

1. d4 Nf6 2. Nf3 g6 3. Bf4 Bg7 4. e3 0-0 5. h3 c5 6. c3 b6 7. Nbd2 Bb7 8. Be2 d6 9. 0-0 Nbd7 10. a4 a6 11. Qc2 Qc7 12. Rfd1 cxd4 13. exd4 e5 14. dxe5 dxe5 15. Bh2 Rad8 16. Qb3 Nh5 17. Qc4 Qb8 18. Ng5 Nf4 19. Bf3 Rc8 20. Qf1 Nc5 21. Bxf4 exf4 22. Bxb7 Qxb7 23. Nc4 Qc7 24. Nd6 Rcd8 25. Ndxf7 Rxd1 26. Rxd1 Rxf7 27. Qc4 h6 28. Nxf7 Qxf7 29. Rd8+ Bf8 30. Qxf7+ Kxf7 31. Ra8 a5 32. b4 Nxa4 33. bxa5 bxa5 34. Rxa5 Nxc3 35. Ra6 Ne2+ 36. Kf1 Nd4 37. Ra4 Bg7 38. Ra6 g5 39. f3 Nf5 40. Kg1 Bd4+ 41. Kh2 Bf2 42. Rc6 Ke7 43. Ra6 Nd6 44. Ra8 Ke6 45. Ra5 Bd4 46. Kh1 Bc3 47. Ra3 Bb4 48. Ra4 Bc5 49. Ra8 Nf5 50. Ra5 Kd5 51. Ra4 Kc6 52. Kh2 Kb5 53. Re4 Bd4 54. Re8 Kc4 55. Rf8 Nh4 56. Rf7 Kd3 57. Re7 Bf2 58. Rh7 Ke2 59. Rxh6 Kf1 60. Rh5 Bg3+ 61. Kh1 Nxg2 62. Rxg5 Nh4 63. Ra5 Nxf3 64. Ra4 Ne5 65. h4 Ng4 66. Ra1+ Be1 67. Ra4 Bd2 68. h5 Ke2 69. Re4+ Be3 70. h6 Nf2+ 0-1

[Event "EUR-chT Seniors 65"]
[Site "Mali Losinj"]
[Date "2019.09.21"]
[Round "4.2"]
[White "Becker, Norbert"]
[Black "Wahlbom, Magnus"]
[Result "1/2-1/2"]
[WhiteElo "2131"]
[BlackElo "2255"]
[PlyCount "96"]
[EventDate "2019.09.18"]
[EventType "team-swiss"]
[EventRounds "9"]
[EventCountry "CRO"]
[SourceTitle "EXT 2020"]
[Source "ChessBase"]
[SourceDate "2019.10.17"]
[SourceVersion "1"]
[SourceVersionDate "2019.10.17"]
[SourceQuality "1"]
[WhiteTeam "Bielefeld Rochade 65"]
[BlackTeam "Sweden 65"]
[WhiteTeamCountry "GER"]
[BlackTeamCountry "SWE"]

1. c4 Nf6 2. g3 g6 3. Bg2 Bg7 4. Nc3 0-0 5. Nf3 d6 6. 0-0 e5 7. d3 Nbd7 8. Bd2 Nh5 9. b4 h6 10. e4 Kh7 11. Ne1 c6 12. a4 a5 13. bxa5 Rxa5 14. Ra2 Nc5 15. Ne2 Ra6 16. f4 f5 17. Be3 Qe7 18. Bxc5 dxc5 19. fxe5 Qxe5 20. Nf4 Nxf4 21. gxf4 Qd4+ 22. Kh1 Be6 23. Qb3 b5 24. axb5 Rxa2 25. Qxa2 cxb5 26. Qa6 Bc8 27. Qxb5 fxe4 28. Bxe4 Bf5 29. Qb7 Bxe4+ 30. Qxe4 Qxe4+ 31. dxe4 g5 32. Nd3 gxf4 33. Rxf4 Rc8 34. Kg2 Bd4 35. Kf3 Ra8 36. e5 Kg7 37. Ke4 Re8 38. Rf5 Bg1 39. Rf1 Bd4 40. Rb1 Kg6 41. Rb6+ Kg5 42. Kd5 h5 43. e6 Bg1 44. h3 Kf6 45. Rd6 Bh2 46. Rc6 Rd8+ 47. Ke4 Rd4+ 48. Ke3 Bg1+ 1/2-1/2

[Event "Hamburg-chT Landesliga 1819"]
[Site "Hamburg"]
[Date "2019.04.13"]
[Round "8.1"]
[White "Becker, Norbert"]
[Black "Wenzel, Birger"]
[Result "1/2-1/2"]
[WhiteElo "2116"]
[BlackElo "2080"]
[PlyCount "108"]
[EventDate "2018.10.21"]
[EventType "team-tourn"]
[EventRounds "9"]
[EventCountry "GER"]
[SourceTitle "EXT 2020"]
[Source "ChessBase"]
[SourceDate "2019.10.17"]
[SourceVersion "1"]
[SourceVersionDate "2019.10.17"]
[SourceQuality "1"]
[WhiteTeam "Barmbek"]
[BlackTeam "Johanneum Eppendorf II"]
[WhiteTeamCountry "GER"]
[BlackTeamCountry "GER"]

1. c4 Nf6 2. g3 e5 3. Bg2 c6 4. d4 e4 5. Nc3 Bb4 6. Qb3 Bxc3+ 7. Qxc3 0-0 8. Bg5 d5 9. e3 Nbd7 10. cxd5 cxd5 11. Rc1 Qb6 12. Ne2 h6 13. Bf4 Qa6 14. Qb3 Nb6 15. Nc3 Bg4 16. Bf1 Qa5 17. Bd6 Nbd7 18. Bb4 Qc7 19. Bxf8 Nxf8 20. Bg2 N8h7 21. h4 Rd8 22. Kd2 Qd7 23. Kc2 Qf5 24. Rhf1 Rd7 25. Kb1 Ne8 26. Rc2 Nhf6 27. Rfc1 Qh5 28. Bf1 a6 29. Qb4 Nd6 30. Be2 Bxe2 31. Nxe2 Qf5 32. Nc3 Ng4 33. Nd1 Qf3 34. b3 Kh7 35. Kb2 Qf5 36. Qd2 Nh2 37. Nc3 Ng4 38. Nd1 Nh2 39. f4 Nf3 40. Qf2 Qe6 41. Ka1 Nb5 42. Rc8 Qb6 43. g4 Qa5 44. Qc2 Ne1 45. Qc5 Nd3 46. Qf8 Nxc1 47. Qh8+ Kg6 48. f5+ Kf6 49. Rxc1 Qd2 50. Qc8 Ke7 51. Qc5+ Ke8 52. Qc8+ Rd8 53. Qc2 Qb4 54. g5 hxg5 1/2-1/2

[Event "Hamburg-chT Landesliga 1819"]
[Site "Hamburg"]
[Date "2019.02.03"]
[Round "6.1"]
[White "Becker, Norbert"]
[Black "Gara, Anita"]
[Result "1/2-1/2"]
[WhiteElo "2116"]
[BlackElo "2380"]
[PlyCount "72"]
[EventDate "2018.10.21"]
[EventType "team-tourn"]
[EventRounds "9"]
[EventCountry "GER"]
[SourceTitle "EXT 2020"]
[Source "ChessBase"]
[SourceDate "2019.10.17"]
[SourceVersion "1"]
[SourceVersionDate "2019.10.17"]
[SourceQuality "1"]
[WhiteTeam "Barmbek"]
[BlackTeam "Grosshansdorf"]
[WhiteTeamCountry "GER"]
[BlackTeamCountry "GER"]

1. c4 f5 2. g3 Nf6 3. Bg2 g6 4. Nc3 Bg7 5. d3 d6 6. e3 0-0 7. Nge2 e5 8. 0-0 Nc6 9. Rb1 a5 10. a3 Be6 11. b4 axb4 12. axb4 Rb8 13. Nd5 Ne7 14. Nxf6+ Bxf6 15. Qc2 c6 16. b5 Qd7 17. Bd2 d5 18. bxc6 bxc6 19. cxd5 cxd5 20. Rfc1 g5 21. f4 gxf4 22. gxf4 e4 23. Bc3 Rxb1 24. Qxb1 Bxc3 25. Rxc3 Ng6 26. Rb3 Qa7 27. d4 Rc8 28. Rb7 Qa3 29. Kf2 Qd3 30. Qb6 Bf7 31. Qf6 Rf8 32. h4 Nxf4 33. Nxf4 Qd2+ 34. Kf1 Qd1+ 35. Kf2 Qd2+ 36. Kf1 Qd1+ 1/2-1/2

[Event "WchT Seniors 50"]
[Site "Dresden"]
[Date "2018.07.12"]
[Round "6.9"]
[White "Kempter, Ronald"]
[Black "Becker, Norbert"]
[Result "1-0"]
[WhiteElo "2233"]
[BlackElo "2105"]
[PlyCount "25"]
[EventDate "2018.07.07"]
[EventType "team-swiss"]
[EventRounds "9"]
[EventCountry "GER"]
[SourceTitle "CBM 185 Extra"]
[Source "ChessBase"]
[SourceDate "2018.07.29"]
[SourceVersion "1"]
[SourceVersionDate "2018.07.29"]
[SourceQuality "1"]
[WhiteTeam "Groebenzell"]
[BlackTeam "Bielefeld Revival"]
[WhiteTeamCountry "GER"]
[BlackTeamCountry "GER"]

1. Nf3 c5 2. c4 Nf6 3. g3 e6 4. Bg2 d5 5. 0-0 Nc6 6. d4 Be7 7. cxd5 exd5 8. Nc3 0-0 9. Bg5 c4 10. Ne5 Be6 11. Qd2 Qa5 12. Nxc6 bxc6 13. Nxd5 1-0

[Event "Paderborn op 14th"]
[Site "Paderborn"]
[Date "2017.12.27"]
[Round "2"]
[White "Becker, Norbert"]
[Black "Levin, Felix"]
[Result "0-1"]
[WhiteElo "2101"]
[BlackElo "2475"]
[PlyCount "68"]
[EventDate "2017.12.27"]
[EventType "swiss"]
[EventRounds "7"]
[EventCountry "GER"]
[SourceTitle "CBM 182 Extra"]
[Source "ChessBase"]
[SourceDate "2018.02.23"]
[SourceVersion "1"]
[SourceVersionDate "2018.02.23"]
[SourceQuality "1"]

1. e4 c5 2. Nf3 e6 3. d3 Nc6 4. g3 g6 5. Bg2 Bg7 6. 0-0 Nge7 7. c3 e5 8. Nbd2 d6 9. Nc4 0-0 10. Ne1 d5 11. Ne3 Be6 12. exd5 Nxd5 13. Nxd5 Bxd5 14. Be3 Bxg2 15. Kxg2 b6 16. Qa4 Qc7 17. Rc1 Qb7 18. Kg1 Rad8 19. Rc2 Rd7 20. Re2 h6 21. f4 exf4 22. Bxf4 g5 23. Bc1 Ne5 24. Qe4 Qxe4 25. dxe4 Re8 26. Kg2 Rde7 27. Rf5 Nc4 28. Rd5 Rxe4 29. Rxe4 Rxe4 30. Kf2 Re7 31. Nc2 Be5 32. Ne3 Nxe3 33. Bxe3 f5 34. h3 Bxg3+ 0-1

[Event "WchT Seniors 50"]
[Site "Hersonissos"]
[Date "2017.04.25"]
[Round "2.1"]
[White "Plaskett, H James"]
[Black "Becker, Norbert"]
[Result "1-0"]
[WhiteElo "2458"]
[BlackElo "2106"]
[PlyCount "29"]
[EventDate "2017.04.24"]
[EventType "team-swiss"]
[EventRounds "9"]
[EventCountry "GRE"]
[SourceTitle "CBM 178 Extra"]
[Source "ChessBase"]
[SourceDate "2017.06.22"]
[SourceVersion "1"]
[SourceVersionDate "2017.06.22"]
[SourceQuality "1"]
[WhiteTeam "England II"]
[BlackTeam "Bielefeld"]
[WhiteTeamCountry "ENG"]
[BlackTeamCountry "GER"]

1. e4 e6 2. d4 d5 3. Nd2 Nf6 4. Bd3 b6 5. Qe2 Be7 6. Ngf3 dxe4 7. Nxe4 Bb7 8. Neg5 Nd5 9. Bxh7 Bxg5 10. Bxg5 Qd6 11. Be4 Qb4+ 12. Qd2 Qxb2 13. 0-0 c6 14. Bxd5 cxd5 15. a4 1-0

[Event "WchT Seniors 50"]
[Site "Hersonissos"]
[Date "2017.04.24"]
[Round "1.1"]
[White "Becker, Norbert"]
[Black "Short, Nigel D"]
[Result "0-1"]
[WhiteElo "2106"]
[BlackElo "2683"]
[PlyCount "64"]
[EventDate "2017.04.24"]
[EventType "team-swiss"]
[EventRounds "9"]
[EventCountry "GRE"]
[SourceTitle "CBM 178 Extra"]
[Source "ChessBase"]
[SourceDate "2017.06.22"]
[SourceVersion "1"]
[SourceVersionDate "2017.06.22"]
[SourceQuality "1"]
[WhiteTeam "Bielefeld"]
[BlackTeam "England"]
[WhiteTeamCountry "GER"]
[BlackTeamCountry "ENG"]

1. e4 c5 2. Nf3 d6 3. c3 Nf6 4. Bd3 g5 5. Nxg5 Rg8 6. Bb5+ Bd7 7. Bxd7+ Qxd7 8. d3 h6 9. Nh3 Rxg2 10. Nf4 Rg8 11. Nh5 Nc6 12. Nxf6+ exf6 13. Bf4 f5 14. Nd2 0-0-0 15. Qf3 fxe4 16. dxe4 Qe6 17. Bg3 Be7 18. 0-0 Bg5 19. Qe2 Bxd2 20. Qxd2 h5 21. Kh1 h4 22. Bf4 Qxe4+ 23. f3 Qf5 24. Rg1 Ne5 25. Rxg8 Rxg8 26. Rf1 Nc4 27. Qc1 Nxb2 28. Bxd6 Qh3 29. Rf2 Nd3 30. Qf1 Qxf1+ 31. Rxf1 Kd7 32. c4 b5 0-1

[Event "WchT Seniors 50"]
[Site "Radebeul"]
[Date "2016.07.03"]
[Round "8.16"]
[White "Becker, Norbert"]
[Black "Daemering, Katrin"]
[Result "1/2-1/2"]
[WhiteElo "2092"]
[BlackElo "2040"]
[PlyCount "45"]
[EventDate "2016.06.26"]
[EventType "team-swiss"]
[EventRounds "9"]
[EventCountry "GER"]
[SourceTitle "CBM 173 Extra"]
[Source "ChessBase"]
[SourceDate "2016.08.29"]
[SourceVersion "1"]
[SourceVersionDate "2016.08.29"]
[SourceQuality "1"]
[WhiteTeam "Bielefeld Rochade"]
[BlackTeam "Markkleeberg"]
[WhiteTeamCountry "GER"]
[BlackTeamCountry "GER"]

1. e4 c5 2. Nf3 a6 3. c3 Nf6 4. Bd3 d6 5. Bc2 Nc6 6. 0-0 Bg4 7. h3 Bh5 8. d3 Ne5 9. Nbd2 Rc8 10. Qe2 e6 11. Qe3 Ned7 12. Nh2 e5 13. g4 Bg6 14. f4 exf4 15. Qxf4 h6 16. Nc4 Qc7 17. Nf3 Be7 18. Ne3 0-0 19. Nh4 Ne5 20. Nhf5 Bxf5 21. Nxf5 Ng6 22. Qg3 d5 23. Qxc7 1/2-1/2

[Event "Paderborn op 12th"]
[Site "Paderborn"]
[Date "2015.12.27"]
[Round "2"]
[White "Teske, Henrik"]
[Black "Becker, Norbert"]
[Result "1-0"]
[WhiteElo "2461"]
[BlackElo "2125"]
[PlyCount "65"]
[EventDate "2015.12.27"]
[EventType "swiss"]
[EventRounds "7"]
[EventCountry "GER"]
[SourceTitle "CBM 170 Extra"]
[Source "ChessBase"]
[SourceDate "2016.02.25"]
[SourceVersion "1"]
[SourceVersionDate "2016.02.25"]
[SourceQuality "1"]

1. e4 c5 2. Nf3 g6 3. c3 Qa5 4. d4 cxd4 5. Bd2 d3 6. c4 Qc7 7. Bc3 Nf6 8. Bxf6 exf6 9. Bxd3 Bb4+ 10. Nfd2 Nc6 11. 0-0 d6 12. a3 Bc5 13. Nc3 a6 14. b4 Bd4 15. Rc1 Ne7 16. Nb3 Ba7 17. Qf3 f5 18. exf5 Bxf5 19. Bxf5 gxf5 20. Rfe1 Kf8 21. Na5 Rb8 22. Nd5 Nxd5 23. Qxd5 Rg8 24. Qxf5 Rg6 25. Rc2 Bd4 26. Qd5 Be5 27. g3 Kg7 28. c5 h5 29. Nc4 h4 30. Nxe5 dxe5 31. Qxe5+ Qxe5 32. Rxe5 hxg3 33. hxg3 1-0

[Event "EU-chT Seniors"]
[Site "Vienna"]
[Date "2015.07.17"]
[Round "6.10"]
[White "Becker, Norbert"]
[Black "Titz, Heimo"]
[Result "0-1"]
[WhiteElo "2114"]
[BlackElo "2113"]
[PlyCount "80"]
[EventDate "2015.07.12"]
[EventType "team-swiss"]
[EventRounds "9"]
[EventCountry "AUT"]
[SourceTitle "EXT 2018"]
[Source "ChessBase"]
[SourceDate "2017.10.13"]
[SourceVersion "1"]
[SourceVersionDate "2017.10.13"]
[SourceQuality "1"]
[WhiteTeam "Bielefeld Rochade"]
[BlackTeam "Wien 75+"]
[WhiteTeamCountry "GER"]
[BlackTeamCountry "AUT"]

1. e4 c5 2. Nf3 e6 3. d3 Nc6 4. g3 d6 5. Bg2 g6 6. 0-0 Bg7 7. c3 Nge7 8. Be3 0-0 9. Qd2 Rb8 10. Bh6 d5 11. Bxg7 Kxg7 12. Qe2 b6 13. Nbd2 Ba6 14. e5 Nf5 15. a3 h5 16. b4 Qc7 17. Rfb1 d4 18. c4 Bb7 19. bxc5 bxc5 20. Rb5 Na5 21. Rab1 Bc6 22. Rxb8 Rxb8 23. Rxb8 Qxb8 24. Ng5 Qb2 25. h3 Bxg2 26. Kxg2 Nb3 27. Nge4 Qc2 28. Kf3 Nc1 29. Qf1 Nxd3 30. g4 hxg4+ 31. hxg4 Nxe5+ 32. Kf4 Nd3+ 33. Kf3 Nd6 34. g5 Ne5+ 35. Kf4 Nexc4 36. Qh1 Ne8 37. Nxc4 Qxc4 38. Kg3 Qd3+ 39. f3 Qe3 40. Qb1 Nd6 0-1

[Event "EU-chT Seniors"]
[Site "Vienna"]
[Date "2015.07.13"]
[Round "2.16"]
[White "Wademark, Helge"]
[Black "Becker, Norbert"]
[Result "1/2-1/2"]
[WhiteElo "2080"]
[BlackElo "2114"]
[PlyCount "108"]
[EventDate "2015.07.12"]
[EventType "team-swiss"]
[EventRounds "9"]
[EventCountry "AUT"]
[SourceTitle "EXT 2018"]
[Source "ChessBase"]
[SourceDate "2017.10.13"]
[SourceVersion "1"]
[SourceVersionDate "2017.10.13"]
[SourceQuality "1"]
[WhiteTeam "Sweden II"]
[BlackTeam "Bielefeld Rochade"]
[WhiteTeamCountry "SWE"]
[BlackTeamCountry "GER"]

1. e4 c5 2. Nc3 Nc6 3. f4 g6 4. Nf3 Bg7 5. Bb5 Nd4 6. Nxd4 cxd4 7. Ne2 e6 8. 0-0 Qb6 9. Bd3 Ne7 10. Kh1 d6 11. b3 0-0 12. Bb2 f5 13. Ng3 Bd7 14. Qe2 Rae8 15. exf5 Nxf5 16. Nxf5 exf5 17. Qf2 Re7 18. Rae1 Rfe8 19. Rxe7 Rxe7 20. Re1 Qd8 21. Bc4+ Kf8 22. h3 Rxe1+ 23. Qxe1 Qe7 24. Qf2 Qf6 25. Qf3 Bc6 26. Bd5 Bxd5 27. Qxd5 Qe7 28. Ba3 Ke8 29. Bxd6 Qe1+ 30. Kh2 Qe4 31. Qc4 a6 32. Qc8+ Kf7 33. Qd7+ Kg8 34. d3 Qc6 35. Qe6+ Kh8 36. Qe7 h5 37. Be5 Bxe5 38. Qxe5+ Kh7 39. Qxd4 Qxc2 40. Qd7+ Kh6 41. Qd8 Kh7 42. Qd5 b5 43. Qf7+ Kh6 44. d4 Qf2 45. Qf8+ Kh7 46. Qe7+ Kg8 47. Qe5 Qxa2 48. Qf6 Kh7 49. d5 Qd2 50. Qe5 a5 51. d6 a4 52. bxa4 bxa4 53. Kg3 a3 54. Qe7+ Kh6 1/2-1/2

[Event "Hamburg St Pauli op-A"]
[Site "Hamburg"]
[Date "2014.07.24"]
[Round "6"]
[White "Jantzen, Hans Joerg"]
[Black "Becker, Norbert"]
[Result "1/2-1/2"]
[WhiteElo "2093"]
[BlackElo "2160"]
[PlyCount "52"]
[EventDate "2014.07.19"]
[EventType "swiss"]
[EventRounds "9"]
[EventCountry "GER"]
[SourceTitle "CBM 161 Extra"]
[Source "ChessBase"]
[SourceDate "2014.08.29"]
[SourceVersion "1"]
[SourceVersionDate "2014.08.29"]
[SourceQuality "1"]

1. Nf3 d5 2. d4 Bf5 3. c4 Bxb1 4. Rxb1 e6 5. a3 Nf6 6. Qb3 b6 7. Bg5 Be7 8. e3 0-0 9. Rc1 Nbd7 10. Be2 c5 11. 0-0 cxd4 12. Nxd4 Nc5 13. Qa2 Rc8 14. Rfd1 Qd7 15. Bxf6 Bxf6 16. cxd5 exd5 17. h3 Ne6 18. Bb5 Rxc1 19. Rxc1 Qd6 20. Nf3 d4 21. exd4 Nxd4 22. Nxd4 Qxd4 23. b3 Rd8 24. a4 Qf4 25. Qc2 g6 26. g3 Qd2 1/2-1/2

[Event "Hamburg St Pauli op-A"]
[Site "Hamburg"]
[Date "2014.07.23"]
[Round "5"]
[White "Becker, Norbert"]
[Black "Nedic, Dusan"]
[Result "1/2-1/2"]
[WhiteElo "2160"]
[BlackElo "2323"]
[PlyCount "111"]
[EventDate "2014.07.19"]
[EventType "swiss"]
[EventRounds "9"]
[EventCountry "GER"]
[SourceTitle "CBM 161 Extra"]
[Source "ChessBase"]
[SourceDate "2014.08.29"]
[SourceVersion "1"]
[SourceVersionDate "2014.08.29"]
[SourceQuality "1"]

1. e4 d6 2. d4 Nf6 3. Nd2 g6 4. Ngf3 Bg7 5. Bc4 0-0 6. 0-0 Nc6 7. c3 e5 8. dxe5 dxe5 9. Qc2 Qe7 10. b4 Nh5 11. a4 Rd8 12. Ba3 Qf6 13. Rfd1 Nf4 14. Ne1 Bg4 15. f3 Be6 16. Bxe6 Qxe6 17. Nf1 Qc4 18. Kf2 Bf8 19. Ne3 Qe6 20. g3 Nh3+ 21. Kf1 Rxd1 22. Rxd1 Rd8 23. Rxd8 Nxd8 24. Bc1 f6 25. Qd3 Nf7 26. Qc4 Qd6 27. Kg2 Nhg5 28. h4 Ne6 29. Qd5 c6 30. Qxd6 Nxd6 31. Nd3 Kf7 32. Kf2 Ke7 33. Ke2 Kd7 34. Kd2 a6 35. a5 h5 36. Ke2 Bg7 37. g4 hxg4 38. Nxg4 c5 39. Be3 cxb4 40. cxb4 Nb5 41. Nc5+ Nxc5 42. Bxc5 Ke6 43. Kd3 f5 44. exf5+ gxf5 45. Ne3 Bh6 46. Nc4 Bf4 47. h5 Kf6 48. Be3 Bg3 49. Nb6 Nd6 50. Bc5 e4+ 51. fxe4 fxe4+ 52. Ke3 Kf5 53. Nd5 Nf7 54. Ne7+ Ke5 55. Ng6+ Kf5 56. Ne7+ 1/2-1/2